000 00645nab a2200205 ab4500
005 20260212131728.0
008 991125c2004 ag br p 000 spa d
035 _aUPN01000140485
003
040 _aMX-MxUPN
_bspa
_cMX-MxUPN
_eaacr
100 1 _aLibedinsky, Marta
_941606
245 1 3 _aLa innovación en educación como resolución de problemas pedagógicos
650 0 4 _aInnovaciones educativas
_9386
650 0 4 _aProblemas educativos
_95913
653 0 _aPráctica docente
773 _gAño 16, no. 168 (2004), p. 32-37
_tNovedades educativas
_x0328-3534
902 _aLeonor Sotres/120226
905 _aArticulo
942 _cAI
999 _c112633
_d112633